000
00289nam a2200121 a 4500
001
4140
005
20140414131850.0
008
090218s19uu xx 00 eng d
050
_a
M 595.7
_b
W11 2003
100
_a
Wagner, Kathi
245
_a
The Everything kids bugs book.
999
_c
110132
_d
110132